|
|
|
|
| LEADER |
00000ny a22000003n 4500 |
| 005 |
20110523142632.0 |
| 008 |
060308s2005 sp s 000 0 spa d |
| 020 |
|
|
|a 8480047275
|
| 035 |
|
|
|a 1587
|
| 040 |
|
|
|a BUC
|d vLex
|
| 040 |
|
|
|a UMA.RE
|d vLex
|
| 080 |
|
|
|a 347.161(460)
|
| 090 |
|
|
|c 172
|d 172
|
| 100 |
1 |
|
|a Marn̕ Calero, Carlos
|
| 245 |
1 |
3 |
|a La integracin̤ jurd̕ica y patrimonial de las personas con discapacidad psq̕uica o intelectual
|h [Recurso electrn̤ico]
|c Carlos Marn̕ Calero
|
| 256 |
|
|
|a Servicio en ln̕ea
|
| 260 |
|
|
|a Madrid :
|b Editorial Universitaria Ramn̤ Areces,
|c 2005
|
| 300 |
|
|
|a 185 p. ;
|c 24 cm
|
| 506 |
1 |
|
|a Contenido solo disponible en los productos indicados
|d vLex Global
|d vLex Global (Academic Edition, excluding Law Schools)
|d vLex Global (U.S. Academic Edition, Law Schools)
|d vLex Global (U.S. Academic Edition, excluding Law Schools)
|d vLex Global (Academic Edition, Law Schools)
|
| 650 |
0 |
7 |
|a Discapacitado
|2 Tesauro vLex
|
| 650 |
0 |
7 |
|a Civil
|2 Tesauro vLex
|
| 650 |
0 |
7 |
|a Incapacitacin̤
|2 Tesauro vLex
|
| 740 |
0 |
|
|a vLex Libros (Servicios en ln̕ea)
|
| 856 |
4 |
0 |
|u http://vlex.com/source/1587
|z Acceso restringido
|
| 942 |
|
|
|c BOOK
|
| 999 |
0 |
|
|a Civil Law
|b Madrid
|